| 000 | 00419nam a2200109Ia 4500 | ||
|---|---|---|---|
| 008 | 160909s9999 xx 000 0 und d | ||
| 100 | _aHardin, Floyd H. | ||
| 245 | _aAfrican American gay male entrepreneurs: A study of enabling and inhibiting factors impacting entrepreneurial success | ||
| 260 |
_bPepperdine University. _c2016 |
||
| 650 | _aTOURISM | ||
| 856 | _uhttp://pqdtopen.proquest.com/doc/1805096783.html?FMT=ABS | ||
| 999 |
_c304941 _d304941 |
||